000 00900nam a2200241 i 4500
001 104217
003 ES-MaACL
005 20230906183538.0
007 t|
008 051125s1969 sp ||||1| spa d
100 1 _aMijares, José Luis.
_981063
245 1 0 _aRevisión y defensa de nuestra personalidad nacional :
_b[hacia un nuevo tipo de hombre español] /
_cJosé Luis Mijares.
260 _aMadrid :
_bEdiciones del Movimiento,
_c1969.
300 _a124 p. ;
_c21 cm.
490 1 _aNuevo horizonte. Temas de colaboración
651 _aEspaña-
_xPolítica exterior-
_y1939-1975.
_98425
651 4 _aEspaña-
_xPolítica económica-
_y1939-1975.
_9169436
651 4 _aEspaña-
_xHistoria-
_y1939-1975, Dictadura.
_9167928
710 2 _aEdiciones del Movimiento.
_9171800
830 1 _aNuevo horizonte. Temas de colaboración
_9184053
852 _aES-MaACL
_jC-36781
999 _c104217
_d104217